Spotrebiteľské správanie v cestovnom ruchu z aspektu rôznych generácií
Spotrebiteľské správanie v sektore cestovného ruchu sa medzi generáciami výrazne líši, čo si vyžaduje segmentáciu trhu a cielenú marketingovú komunikáciu. Skúmanie generačných rozdielov v postojoch k cestovaniu, preferenciách a rozhodovacích procesoch medzi generáciami X, Y (mileniáli), Z a Alpha.
Guardado en:
| Autor principal: | |
|---|---|
| Otros Autores: | |
| Formato: | Capítulo de libro |
| Lenguaje: | eslovaco |
| Materias: | |
| Etiquetas: |
Sin Etiquetas, Sea el primero en etiquetar este registro!
|
MARC
| LEADER | 00000naa a2200000 4500 | ||
|---|---|---|---|
| 001 | 0311820 | ||
| 005 | 20250807091213.7 | ||
| 041 | 0 | |a slo | |
| 044 | |a SK | ||
| 245 | 1 | 0 | |a Spotrebiteľské správanie v cestovnom ruchu z aspektu rôznych generácií |c Bianka Hudecová, Miroslava Čukanová |
| 520 | |a Spotrebiteľské správanie v sektore cestovného ruchu sa medzi generáciami výrazne líši, čo si vyžaduje segmentáciu trhu a cielenú marketingovú komunikáciu. Skúmanie generačných rozdielov v postojoch k cestovaniu, preferenciách a rozhodovacích procesoch medzi generáciami X, Y (mileniáli), Z a Alpha. | ||
| 610 | 2 | 0 | |a ruch cestovný |
| 610 | 2 | 0 | |a generácie |
| 610 | 2 | 0 | |a rozdiely generačné |
| 610 | 2 | 0 | |a správanie spotrebiteľa |
| 610 | 2 | 0 | |a rozhodovanie |
| 610 | 2 | 0 | |a rozhodovanie nákupné |
| 100 | 1 | |a Hudecová, Bianka | |
| 700 | 1 | |a Čukanová, Miroslava, 1984- | |